000 01100cam a22003257a 4500
001 5749
003 FISKH
005 20250410154007.0
008 100518s2010 nyua 000 1 eng
010 _a 2010928929
020 _a9780060835606 (trade bdg.)
020 _a9780060835590
020 _a9780060835590 (pbk. bdg.)
040 _aDLC
_cDLC
_beng
050 _aPZ7.M462
082 _a813.6
100 1 _aMayer, Mercer,
_d1943-
245 1 0 _aJust Critters who care /
_cMercer Mayer
260 _aNew York :
_bHarperCollins,
_c2010.
300 _a32 pages :
_bcolor illustrations ;
_c23 cm
490 0 _aMy first I can read
505 _aF
520 _aWhen Little Critter finds out that one of his neighbors is in need, he rallies his friends and family together to volunteer their help, in an early reader title about community service.
521 8 _a340
_bLexile
521 8 _aF
_bRaz-Plus
650 _aCommunity Service
_vLittle Critter
_xHelping Others
_yEarth Day
906 _a7
_bcbc
_corignew
_d4
_eepcn
_f20
_gy-gencatlg
942 _2ddc
_cBK
_n0
999 _c5749
_d5749